Ч. 1; Психология

Detaylı Bibliyografya
Parent link:Психология: курс лекций/ Л. Г. Полещук; Национальный исследовательский Томский политехнический университет (ТПУ), Юргинский технологический институт (ЮТИ).— , 2010
Özet:Заглавие с титульного экрана
Электронная версия печатной публикации
Режим доступа: из корпоративной сети ТПУ
Dil:Rusça
Baskı/Yayın Bilgisi: Томск, Изд-во ТПУ, 2010
Konular:
Online Erişim:http://www.lib.tpu.ru/fulltext2/m/2011/m65.pdf
Materyal Türü: MixedMaterials Elektronik Kitap
KOHA link:https://koha.lib.tpu.ru/cgi-bin/koha/opac-detail.pl?biblionumber=192356

MARC

LEADER 00000nlm2a2200000 4500
001 192356
005 20231101224419.0
035 |a (RuTPU)RU\TPU\book\209752 
090 |a 192356 
100 |a 20110224d2010 m y0rusy50 ca 
101 0 |a rus 
102 |a RU 
105 |a a j 001zy 
135 |a drcn ---uucaa 
181 0 |a i  
182 0 |a b 
200 0 |a Ч. 1  |b Электронный ресурс 
203 |a Текст  |c электронный 
210 |a Томск  |c Изд-во ТПУ  |d 2010 
230 |a 1 компьютерный файл (pdf; 1.1 MB) 
300 |a Заглавие с титульного экрана 
300 |a Электронная версия печатной публикации 
333 |a Режим доступа: из корпоративной сети ТПУ 
337 |a Adobe Reader 
461 1 |0 (RuTPU)RU\TPU\book\209750  |t Психология  |o курс лекций  |o учебное пособие  |f Л. Г. Полещук  |g Национальный исследовательский Томский политехнический университет (ТПУ), Юргинский технологический институт (ЮТИ)  |h Ч. 1  |d 2010 
606 1 |a Психология  |2 stltpush  |3 (RuTPU)RU\TPU\subj\53124  |9 71474 
610 1 |a электронный ресурс 
610 1 |a труды учёных ТПУ 
610 1 |a психические функции 
610 1 |a личность 
610 1 |a психика 
610 1 |a познавательные процессы 
610 1 |a учебные пособия 
686 |a Ю93я73  |v LBC/SL-A  |2 rubbk 
801 1 |a RU  |b 63413507  |c 20110224 
801 2 |a RU  |b 63413507  |c 20111223  |g RCR 
856 4 |u http://www.lib.tpu.ru/fulltext2/m/2011/m65.pdf 
942 |c CF